[Event "Mike Shpan mem."]
[Site "Winnipeg CAN"]
[Date "2012.12.04"]
[Round "5"]
[White "Campbell, Jamie"]
[Black "Gilbang, Jhun"]
[Result "0-1"]
[WhiteElo "1704"]
[BlackElo "1530"]
[PlyCount "56"]
[GameId "2160767909411579"]
[EventDate "2012.11.06"]
[EventType "swiss"]
[EventRounds "6"]
[EventCountry "CAN"]
[SourceTitle "EXT 2022"]
[Source "ChessBase"]
[SourceDate "2021.10.06"]
[SourceVersion "1"]
[SourceVersionDate "2021.10.06"]
[SourceQuality "1"]

1. e4 d5 2. exd5 Qxd5 3. Nc3 Qa5 4. g3 Nc6 5. Bg2 Bd7 6. Nf3 O-O-O 7. O-O Bg4 8. h3 Bh5 9. d3 e5 10. Bd2 f5 11. a3 Qc5 12. b4 Qe7 13. Re1 h6 14. Qc1 Bxf3 15. Bxf3 Nd4 16. Bg2 Nf6 17. f4 Nh5 18. Rxe5 Qf6 19. Nd5 Rxd5 20. Rxd5 Ne2+ 21. Kh2 Nxc1 22. Rxc1 g5 23. c4 gxf4 24. Bc3 Qg5 25. Re1 Qxg3+ 26. Kh1 Bg7 27. Re7 Bxc3 28. Rdd7 f3 0-1

[Event "Mike Shpan mem."]
[Site "Winnipeg CAN"]
[Date "2012.12.04"]
[Round "5"]
[White "Czarny, Keith"]
[Black "Einarsson, Ken"]
[Result "0-1"]
[WhiteElo "1657"]
[BlackElo "1726"]
[PlyCount "98"]
[GameId "2160767909411580"]
[EventDate "2012.11.06"]
[EventType "swiss"]
[EventRounds "6"]
[EventCountry "CAN"]
[SourceTitle "EXT 2022"]
[Source "ChessBase"]
[SourceDate "2021.10.06"]
[SourceVersion "1"]
[SourceVersionDate "2021.10.06"]
[SourceQuality "1"]

1. c4 e5 2. Nc3 Nf6 3. d3 d5 4. Bg5 dxc4 5. dxc4 Qxd1+ 6. Rxd1 Be7 7. g3 c6 8. Nf3 Nbd7 9. Bxf6 Bxf6 10. Ne4 Be7 11. Bh3 f6 12. O-O Nb6 13. Bxc8 Rxc8 14. c5 Nd5 15. Nh4 g6 16. Ng2 O-O 17. f4 f5 18. Nc3 Bxc5+ 19. Kh1 Nxc3 20. bxc3 exf4 21. Nxf4 Rfd8 22. Rxd8+ Rxd8 23. Kg2 Kf7 24. a4 Rd2 25. Kf3 Rc2 26. Rb1 Rxc3+ 27. Kg2 b6 28. Nd3 Ke6 29. Ra1 Bd4 30. Ra2 c5 31. Kf1 Be3 32. h3 c4 33. Nb4 Kd6 34. Kg2 g5 35. Nc2 Bc5 36. Ne1 f4 37. gxf4 gxf4 38. Nf3 h6 39. Nd2 Kd5 40. Nb1 Rb3 41. Rd2+ Bd4 42. Rd1 c3 43. Rc1 Ke5 44. Kf1 Ke4 45. h4 Ke3 46. Ke1 c2 47. Na3 Rxa3 48. h5 Bc3+ 49. Kf1 Ra1 0-1

[Event "Mike Shpan mem."]
[Site "Winnipeg CAN"]
[Date "2012.12.04"]
[Round "5"]
[White "Huston-Earle, Joshua"]
[Black "Trueman, Francis"]
[Result "1-0"]
[WhiteElo "1352"]
[BlackElo "1491"]
[PlyCount "67"]
[GameId "2160767909411581"]
[EventDate "2012.11.06"]
[EventType "swiss"]
[EventRounds "6"]
[EventCountry "CAN"]
[SourceTitle "EXT 2022"]
[Source "ChessBase"]
[SourceDate "2021.10.06"]
[SourceVersion "1"]
[SourceVersionDate "2021.10.06"]
[SourceQuality "1"]

1. e4 d6 2. d4 Nf6 3. Nc3 g6 4. Nf3 Bg7 5. Bc4 O-O 6. O-O c6 7. Re1 Nbd7 8. e5 dxe5 9. Nxe5 e6 10. Bf4 a5 11. a4 Nb6 12. Bb3 Nbd5 13. Nxd5 cxd5 14. c4 dxc4 15. Bxc4 Nd5 16. Bxd5 Qxd5 17. Rc1 f6 18. Rc5 Qd8 19. Nc4 b6 20. Bc7 Qe7 21. Bxb6 Qd7 22. Qf3 Bb7 23. Qe3 Rfe8 24. Rc7 Qd5 25. Qf3 Qxf3 26. gxf3 Bxf3 27. Bxa5 Ra6 28. b4 Bd5 29. b5 Raa8 30. Nb6 Rxa5 31. Nxd5 Kf8 32. b6 Rxd5 33. b7 Rb8 34. Rc8+ 1-0

[Event "Mike Shpan mem."]
[Site "Winnipeg CAN"]
[Date "2012.12.04"]
[Round "5"]
[White "Leaden, Bruce"]
[Black "Wolchock, Theo"]
[Result "0-1"]
[WhiteElo "1640"]
[BlackElo "1689"]
[PlyCount "100"]
[GameId "2160767909411582"]
[EventDate "2012.11.06"]
[EventType "swiss"]
[EventRounds "6"]
[EventCountry "CAN"]
[SourceTitle "EXT 2022"]
[Source "ChessBase"]
[SourceDate "2021.10.06"]
[SourceVersion "1"]
[SourceVersionDate "2021.10.06"]
[SourceQuality "1"]

1. d4 Nf6 2. c4 c5 3. d5 e6 4. Nc3 exd5 5. Nxd5 Nxd5 6. cxd5 d6 7. e4 g6 8. Bd2 Bg7 9. Bc3 Bxc3+ 10. bxc3 O-O 11. Bd3 Nd7 12. f4 Re8 13. Nf3 Nf6 14. Qc2 c4 15. Bxc4 Rxe4+ 16. Be2 Bf5 17. O-O Ng4 18. Qb2 Ne3 19. Ng5 Nxf1 20. Nxe4 Bxe4 21. Rxf1 Bxd5 22. Bf3 Bxf3 23. Rxf3 Qe7 24. Qf2 Re8 25. Qxa7 Qe1+ 26. Rf1 Qxc3 27. Qf2 Qc5 28. g3 Re2 29. Qxc5 dxc5 30. a4 Ra2 31. Rb1 Rxa4 32. Rxb7 Ra2 33. Re7 c4 34. Re3 Rc2 35. h3 c3 36. h4 Rc1+ 37. Kf2 c2 38. Rc3 Kg7 39. Ke2 Rg1 40. Rxc2 Rxg3 41. Rc4 Rg4 42. h5 gxh5 43. Kf3 Rg6 44. Rc5 Rh6 45. Kg3 Rg6+ 46. Kh3 Rg4 47. Rg5+ Rxg5 48. fxg5 Kg6 49. Kh4 h6 50. gxh6 Kxh6 0-1

[Event "Mike Shpan mem."]
[Site "Winnipeg CAN"]
[Date "2012.12.04"]
[Round "5"]
[White "Reimer, Bruce"]
[Black "Green, Jim"]
[Result "0-1"]
[WhiteElo "1554"]
[BlackElo "1714"]
[PlyCount "112"]
[GameId "2160767909411583"]
[EventDate "2012.11.06"]
[EventType "swiss"]
[EventRounds "6"]
[EventCountry "CAN"]
[SourceTitle "EXT 2022"]
[Source "ChessBase"]
[SourceDate "2021.10.06"]
[SourceVersion "1"]
[SourceVersionDate "2021.10.06"]
[SourceQuality "1"]

1. c4 b6 2. Nc3 Bb7 3. e4 e6 4. g3 Bb4 5. Bg2 Nf6 6. d3 Bxc3+ 7. bxc3 O-O 8. Ba3 c5 9. Ne2 d6 10. O-O Qc7 11. h3 Nc6 12. Qc2 Na5 13. Rab1 Rad8 14. Bc1 h6 15. Be3 Nd7 16. Qd2 Kh7 17. f4 f5 18. g4 g6 19. Ng3 Rde8 20. Qe2 Qd8 21. g5 e5 22. h4 exf4 23. Bxf4 Ne5 24. Bxe5 Rxe5 25. d4 Ree8 26. dxc5 dxc5 27. Rbd1 Qe7 28. Rd2 Rd8 29. exf5 Qxe2 30. fxg6+ Kxg6 31. Rxe2 Rxf1+ 32. Bxf1 Bc8 33. gxh6 Kxh6 34. Re7 Rg8 35. Kh2 Rg7 36. Rxg7 Kxg7 37. Ne4 Be6 38. Nd6 Nc6 39. Kg3 Ne5 40. Be2 Kh6 41. Kf4 Ng6+ 42. Kg3 Ne5 43. h5 Kg5 44. Ne4+ Kh6 45. Kf4 Nxc4 46. Bxc4 Bxc4 47. a3 Kxh5 48. Ke5 Bb3 49. Kd6 c4 50. Kc6 Kg4 51. Kb7 Kf4 52. Nd2 Ke3 53. Nxc4+ Bxc4 54. Kxa7 b5 55. Kb6 Kd3 56. Kc5 Kxc3 0-1

[Event "Mike Shpan mem."]
[Site "Winnipeg CAN"]
[Date "2012.12.04"]
[Round "5"]
[White "Remillard, John"]
[Black "Towns, Barry"]
[Result "0-1"]
[WhiteElo "1770"]
[BlackElo "1705"]
[PlyCount "60"]
[GameId "2160767909411584"]
[EventDate "2012.11.06"]
[EventType "swiss"]
[EventRounds "6"]
[EventCountry "CAN"]
[SourceTitle "EXT 2022"]
[Source "ChessBase"]
[SourceDate "2021.10.06"]
[SourceVersion "1"]
[SourceVersionDate "2021.10.06"]
[SourceQuality "1"]

1. Nf3 d5 2. e3 Bg4 3. h3 Bh5 4. d4 Nf6 5. c4 c5 6. g4 Bg6 7. Qa4+ Qd7 8. Nc3 e6 9. cxd5 Qxa4 10. Nxa4 Be4 11. Bb5+ Nfd7 12. Ke2 a6 13. Bxd7+ Nxd7 14. dxe6 fxe6 15. dxc5 Bxc5 16. Nxc5 Nxc5 17. Rd1 O-O 18. Ne1 Rf7 19. f3 Raf8 20. f4 e5 21. Bd2 exf4 22. exf4 Re8 23. Kf2 Bc6 24. Kg3 Ne4+ 25. Kh4 Re6 26. f5 h6 27. fxe6 g5+ 28. Bxg5 hxg5+ 29. Kh5 Rf6 30. h4 Be8# 0-1

[Event "Mike Shpan mem."]
[Site "Winnipeg CAN"]
[Date "2012.12.11"]
[Round "6"]
[White "Campbell, Jamie"]
[Black "Remillard, John"]
[Result "1/2-1/2"]
[WhiteElo "1704"]
[BlackElo "1770"]
[PlyCount "92"]
[GameId "2160767909411586"]
[EventDate "2012.11.06"]
[EventType "swiss"]
[EventRounds "6"]
[EventCountry "CAN"]
[SourceTitle "EXT 2022"]
[Source "ChessBase"]
[SourceDate "2021.10.06"]
[SourceVersion "1"]
[SourceVersionDate "2021.10.06"]
[SourceQuality "1"]

1. Nf3 Nf6 2. g3 b6 3. Bg2 Bb7 4. c4 e5 5. d3 h6 6. O-O e4 7. dxe4 Bxe4 8. Nc3 Bh7 9. b3 Bc5 10. Ne5 c6 11. Bb2 O-O 12. a3 Qe7 13. Nd3 Be4 14. Nxe4 Nxe4 15. Nxc5 Nxc5 16. a4 a5 17. Qc2 Nba6 18. Bc3 Ne6 19. Rfd1 Rad8 20. Rd2 Nb4 21. Qb2 d5 22. Bxb4 Qxb4 23. cxd5 Nc5 24. Ra3 Ne4 25. Bxe4 Qxe4 26. Qd4 Qxd5 27. Qxd5 Rxd5 28. Rxd5 cxd5 29. Ra2 Rc8 30. Rd2 Rc5 31. f4 b5 32. Rd4 Kf8 33. Kf2 f5 34. Ke3 Ke7 35. Kd3 b4 36. Kd2 Kd6 37. h4 Rc3 38. Rd3 Rxd3+ 39. Kxd3 Kc5 40. h5 d4 41. e4 dxe3 42. Kxe3 Kd5 43. Kd3 Kc5 44. Ke3 Kd5 45. Kd3 Kc5 46. Ke3 Kd5 1/2-1/2

[Event "Mike Shpan mem."]
[Site "Winnipeg CAN"]
[Date "2012.12.11"]
[Round "6"]
[White "Gilbang, Jhun"]
[Black "Leaden, Bruce"]
[Result "1/2-1/2"]
[WhiteElo "1530"]
[BlackElo "1640"]
[PlyCount "118"]
[GameId "2160767909411587"]
[EventDate "2012.11.06"]
[EventType "swiss"]
[EventRounds "6"]
[EventCountry "CAN"]
[SourceTitle "EXT 2022"]
[Source "ChessBase"]
[SourceDate "2021.10.06"]
[SourceVersion "1"]
[SourceVersionDate "2021.10.06"]
[SourceQuality "1"]

1. e4 c5 2. d4 cxd4 3. Qxd4 Nc6 4. Qa4 Qa5+ 5. Nc3 Qxa4 6. Nxa4 e5 7. a3 Nf6 8. Bd3 Be7 9. Bg5 h6 10. Bxf6 Bxf6 11. O-O-O d6 12. Bb5 Be7 13. Nc3 a6 14. Nd5 Bg5+ 15. Kb1 Bd8 16. Bxc6+ bxc6 17. Ne3 Bc7 18. Nc4 Ke7 19. Ne2 Be6 20. Nd2 Rab8 21. h3 Rb7 22. f4 Rhb8 23. b3 f6 24. fxe5 dxe5 25. Ng3 g6 26. h4 h5 27. Ngf1 a5 28. Ne3 a4 29. b4 c5 30. c3 cxb4 31. cxb4 Bb6 32. Nd5+ Bxd5 33. exd5 Bd4 34. Nf3 Ba7 35. Rhe1 Kd6 36. Re2 Rc8 37. Nd2 Kxd5 38. Ne4+ Ke6 39. Rd6+ Ke7 40. Rxf6 Rb6 41. Rf1 Rbc6 42. Nc5 Bxc5 43. Rxe5+ Kd6 44. Rxc5 Rxc5 45. bxc5+ Ke5 46. Re1+ Kd5 47. Rd1+ Ke5 48. Rd6 Rxc5 49. Rxg6 Kf4 50. g3+ Kf3 51. Rg5 Rc3 52. Kb2 Re3 53. Rxh5 Kxg3 54. Ra5 Kxh4 55. Rxa4+ Kg5 56. Rc4 Kf6 57. a4 Ke6 58. Rc8 Kd6 59. Rc1 Rh3 1/2-1/2

[Event "Mike Shpan mem."]
[Site "Winnipeg CAN"]
[Date "2012.12.11"]
[Round "6"]
[White "Green, Jim"]
[Black "Einarsson, Ken"]
[Result "1/2-1/2"]
[WhiteElo "1714"]
[BlackElo "1726"]
[PlyCount "107"]
[GameId "2160767909411588"]
[EventDate "2012.11.06"]
[EventType "swiss"]
[EventRounds "6"]
[EventCountry "CAN"]
[SourceTitle "EXT 2022"]
[Source "ChessBase"]
[SourceDate "2021.10.06"]
[SourceVersion "1"]
[SourceVersionDate "2021.10.06"]
[SourceQuality "1"]

1. e4 c6 2. d4 d5 3. e5 Bf5 4. Nf3 e6 5. Be2 c5 6. dxc5 Bxc5 7. O-O Nc6 8. c4 Nge7 9. Bf4 O-O 10. Nc3 a6 11. a3 dxc4 12. Bxc4 Qc7 13. b4 Rfd8 14. Qe1 Ba7 15. Be2 Nd4 16. Nxd4 Bxd4 17. Rc1 Qb6 18. Na4 Qa7 19. Bf3 Rac8 20. Bg5 b5 21. Nc5 Bxc5 22. bxc5 Rxc5 23. Be3 Rxc1 24. Qxc1 Qb8 25. Bg5 Rc8 26. Qe3 Ng6 27. g4 Bc2 28. Re1 h6 29. Bf4 Nxf4 30. Qxf4 Rc4 31. Qd2 Qc7 32. Re3 a5 33. h3 Bg6 34. Qb2 Rc1+ 35. Kg2 Rb1 36. Qd2 Qc1 37. Qxc1 Rxc1 38. Rb3 Rc5 39. Be2 Be4+ 40. Kg3 Bc6 41. f4 g5 42. Re3 Bd5 43. fxg5 hxg5 44. h4 gxh4+ 45. Kxh4 b4 46. axb4 axb4 47. Bd1 Rc3 48. Rxc3 bxc3 49. Bc2 f6 50. exf6 Kf7 51. g5 e5 52. Kg3 e4 53. Kf4 Kg6 54. Ba4 1/2-1/2

[Event "Mike Shpan mem."]
[Site "Winnipeg CAN"]
[Date "2012.12.11"]
[Round "6"]
[White "Trueman, Francis"]
[Black "Sharma, Gautam"]
[Result "0-1"]
[WhiteElo "1491"]
[BlackElo "1339"]
[PlyCount "66"]
[GameId "2160767909411589"]
[EventDate "2012.11.06"]
[EventType "swiss"]
[EventRounds "6"]
[EventCountry "CAN"]
[SourceTitle "EXT 2022"]
[Source "ChessBase"]
[SourceDate "2021.10.06"]
[SourceVersion "1"]
[SourceVersionDate "2021.10.06"]
[SourceQuality "1"]

1. Nf3 d5 2. d3 Bg4 3. Nbd2 Nc6 4. g3 Nf6 5. Bg2 g6 6. O-O Qd7 7. Re1 Bg7 8. e4 d4 9. a4 e5 10. Nb3 Bf8 11. Bd2 b6 12. c3 Bc5 13. Nxc5 bxc5 14. Bg5 Qe6 15. h3 Bxf3 16. Qxf3 Nd7 17. Bh6 f6 18. Rab1 g5 19. h4 Rg8 20. hxg5 fxg5 21. Qh5+ Qg6 22. Qh3 Qf6 23. Qh5+ Rg6 24. f4 exf4 25. gxf4 Qxf4 26. Rf1 Qe3+ 27. Rf2 O-O-O 28. Rbf1 Nf6 29. Bh3+ Kb7 30. Qe2 Qg3+ 31. Bg2 Ng4 32. Re1 Rxh6 33. e5 Rh2 0-1

[Event "Mississauga CC-ch"]
[Site "Mississauga CAN"]
[Date "2012.10.18"]
[Round "6"]
[White "Qian, Owen"]
[Black "Casareno, Erwin"]
[Result "0-1"]
[WhiteElo "2025"]
[BlackElo "2205"]
[PlyCount "94"]
[GameId "2160767909445177"]
[EventDate "2012.09.13"]
[EventType "swiss"]
[EventRounds "6"]
[EventCountry "CAN"]

1. d4 d6 2. Nf3 g6 3. c4 Bg7 4. Nc3 c6 5. g3 Nf6 6. Bg2 O-O 7. O-O Nbd7 8. b4 Nb6 9. Qd3 d5 10. cxd5 Nfxd5 11. a3 a5 12. bxa5 Rxa5 13. e4 Nxc3 14. Qxc3 Na4 15. Qe3 Be6 16. Rb1 b5 17. Bd2 Ra6 18. Bb4 Bc4 19. Rfd1 Qc7 20. Bf1 Bxf1 21. Kxf1 Rd8 22. Rbc1 e6 23. Rc2 Nb6 24. Rdc1 Nc4 25. Rxc4 bxc4 26. Rxc4 Qb6 27. Kg2 Qb5 28. Qc3 h6 29. e5 Bf8 30. Bxf8 Kxf8 31. Qc1 Kg7 32. Rb4 Qd3 33. Qf4 Qf5 34. Qc1 g5 35. h3 c5 36. g4 Qd3 37. Rb7 Kg6 38. h4 Qe4 39. Kg3 Qxb7 40. hxg5 Qe7 41. Qb1+ Kg7 42. gxh6+ Kxh6 43. d5 Rxd5 44. Qh1+ Kg7 45. Qh5 Rxa3 46. Kg2 Rxf3 47. Kxf3 f6 0-1

[Event "Montcalm op 1 2012-13"]
[Site "Quebec CAN"]
[Date "2012.09.06"]
[Round "1"]
[White "Boulianne, Gabriel"]
[Black "Gauthier, Jean Claude"]
[Result "1-0"]
[WhiteElo "1770"]
[BlackElo "1071"]
[PlyCount "69"]
[GameId "2160767909445327"]
[EventDate "2012.09.06"]
[EventType "swiss"]
[EventRounds "5"]
[EventCountry "CAN"]
[SourceTitle "EXT 2022"]
[Source "ChessBase"]
[SourceDate "2021.10.06"]
[SourceVersion "1"]
[SourceVersionDate "2021.10.06"]
[SourceQuality "1"]

1. e4 e5 2. Nf3 Nc6 3. Bb5 Nf6 4. O-O Bc5 5. d3 Qe7 6. Bg5 h6 7. Bh4 g5 8. Bg3 d6 9. c3 Bg4 10. a4 Bb6 11. Bxc6+ bxc6 12. a5 Nh5 13. axb6 cxb6 14. h3 Nxg3 15. fxg3 Bd7 16. Nh2 h5 17. g4 hxg4 18. Nxg4 Bxg4 19. Qxg4 Rh4 20. Qf5 f6 21. Qxf6 Rf4 22. Rxf4 gxf4 23. Qh8+ Qf8 24. Qxf8+ Kxf8 25. b4 Ke7 26. Nd2 b5 27. Kf2 Kd7 28. g4 Kc7 29. h4 Kb7 30. g5 Rh8 31. g6 Rh6 32. g7 Rg6 33. Rg1 Rxg7 34. Rxg7+ Kb6 35. h5 1-0

[Event "Montcalm op 1 2012-13"]
[Site "Quebec CAN"]
[Date "2012.09.06"]
[Round "1"]
[White "Ripoll, Arthur"]
[Black "Marquis, Paul"]
[Result "0-1"]
[WhiteElo "1544"]
[BlackElo "1961"]
[PlyCount "90"]
[GameId "2160767909445329"]
[EventDate "2012.09.06"]
[EventType "swiss"]
[EventRounds "5"]
[EventCountry "CAN"]
[SourceTitle "EXT 2022"]
[Source "ChessBase"]
[SourceDate "2021.10.06"]
[SourceVersion "1"]
[SourceVersionDate "2021.10.06"]
[SourceQuality "1"]

1. e4 e6 2. d4 d5 3. Nd2 Nf6 4. e5 Nfd7 5. Bd3 c5 6. c3 Nc6 7. Ne2 Qb6 8. Nf3 f6 9. exf6 Nxf6 10. O-O Bd6 11. a3 a5 12. Rb1 O-O 13. Be3 c4 14. Bc2 Qc7 15. h3 Bd7 16. Qd2 Be8 17. Nf4 Qe7 18. Rbe1 Ne4 19. Bxe4 dxe4 20. Nh2 Rd8 21. g3 e5 22. Ng2 h6 23. Qe2 Bf7 24. Qg4 Be6 25. Qxe4 Bxh3 26. d5 Nb8 27. Qxc4 Nd7 28. Qh4 Qxh4 29. gxh4 e4 30. Bd4 Rde8 31. Re3 Bf5 32. Rfe1 Nf6 33. Bxf6 Rxf6 34. b4 axb4 35. axb4 Rc8 36. Nf1 Bb8 37. Ng3 Ba7 38. Nxf5 Rxf5 39. R3e2 Rxc3 40. Rd1 Rd3 41. Rxd3 exd3 42. Rd2 Rxf2 43. Rd1 Rd2+ 44. Kh2 Rxd1 45. Nf4 d2 0-1

[Event "Montcalm op 1 2012-13"]
[Site "Quebec CAN"]
[Date "2012.09.13"]
[Round "2"]
[White "Bourassa, Andre"]
[Black "Bleau, John"]
[Result "1-0"]
[WhiteElo "1764"]
[BlackElo "1942"]
[PlyCount "79"]
[GameId "2160767909445330"]
[EventDate "2012.09.06"]
[EventType "swiss"]
[EventRounds "5"]
[EventCountry "CAN"]
[SourceTitle "EXT 2022"]
[Source "ChessBase"]
[SourceDate "2021.10.06"]
[SourceVersion "1"]
[SourceVersionDate "2021.10.06"]
[SourceQuality "1"]

1. d4 Nf6 2. c4 e6 3. Nc3 c5 4. d5 exd5 5. Nxd5 Nxd5 6. cxd5 d6 7. e4 Be7 8. Bd3 O-O 9. Ne2 Bg4 10. O-O Nd7 11. f3 Bh5 12. Nf4 Bg6 13. Nxg6 hxg6 14. f4 Qb6 15. Be3 Nf6 16. Rb1 Qa5 17. a4 Rac8 18. Bd2 Qc7 19. f5 gxf5 20. Rxf5 c4 21. Bc2 Qc5+ 22. Kh1 g6 23. Bc3 gxf5 24. Bd4 Qc7 25. exf5 Rfe8 26. Qd2 Kh7 27. Qg5 Rg8 28. Qh4+ Kg7 29. Qg5+ Kh7 30. Qh4+ Kg7 31. Re1 Qd8 32. Re3 Rc7 33. Qg5+ Kf8 34. Qh6+ Rg7 35. Rg3 Ke8 36. Qxg7 Kd7 37. Qxf7 Qf8 38. Qe6+ Kd8 39. Bxf6 Qxf6 40. Rg8+ 1-0

[Event "Montcalm op 1 2012-13"]
[Site "Quebec CAN"]
[Date "2012.09.13"]
[Round "2"]
[White "Gauthier, Jean Claude"]
[Black "Ripoll, Arthur"]
[Result "0-1"]
[WhiteElo "1071"]
[BlackElo "1544"]
[PlyCount "50"]
[GameId "2160767909445331"]
[EventDate "2012.09.06"]
[EventType "swiss"]
[EventRounds "5"]
[EventCountry "CAN"]
[SourceTitle "EXT 2022"]
[Source "ChessBase"]
[SourceDate "2021.10.06"]
[SourceVersion "1"]
[SourceVersionDate "2021.10.06"]
[SourceQuality "1"]

1. e4 e5 2. Nf3 Nc6 3. Bc4 Bc5 4. O-O Nf6 5. d3 d6 6. h3 Be6 7. Bb5 Qd7 8. Bg5 h6 9. Bxf6 gxf6 10. c3 Rg8 11. Kh2 a6 12. d4 axb5 13. dxc5 O-O-O 14. Nbd2 Rxg2+ 15. Kxg2 Bxh3+ 16. Kh2 Bxf1 17. Qxf1 Qg4 18. Qh3 f5 19. exf5 Qf4+ 20. Kh1 dxc5 21. f6+ Kb8 22. Qh4 Qxh4+ 23. Nxh4 Rxd2 24. Nf5 Rxf2 25. Ne7 Rxf6 0-1

[Event "Montcalm op 1 2012-13"]
[Site "Quebec CAN"]
[Date "2012.09.13"]
[Round "2"]
[White "Marquis, Paul"]
[Black "Boulianne, Gabriel"]
[Result "1-0"]
[WhiteElo "1961"]
[BlackElo "1770"]
[PlyCount "23"]
[GameId "2160767909445332"]
[EventDate "2012.09.06"]
[EventType "swiss"]
[EventRounds "5"]
[EventCountry "CAN"]
[SourceTitle "EXT 2022"]
[Source "ChessBase"]
[SourceDate "2021.10.06"]
[SourceVersion "1"]
[SourceVersionDate "2021.10.06"]
[SourceQuality "1"]

1. c4 Nf6 2. Nc3 c5 3. e4 Nc6 4. Nge2 Nd4 5. e5 Ng8 6. Nxd4 cxd4 7. Nb5 d5 8. exd6 e5 9. Nc7+ Kd7 10. c5 a6 11. Qa4+ b5 12. Qxb5+ 1-0

[Event "Montcalm op 1 2012-13"]
[Site "Quebec CAN"]
[Date "2012.09.20"]
[Round "3"]
[White "Boulianne, Gabriel"]
[Black "Tremblay-Alix, Eric"]
[Result "0-1"]
[WhiteElo "1770"]
[BlackElo "1554"]
[PlyCount "64"]
[GameId "2160767909445333"]
[EventDate "2012.09.06"]
[EventType "swiss"]
[EventRounds "5"]
[EventCountry "CAN"]
[SourceTitle "EXT 2022"]
[Source "ChessBase"]
[SourceDate "2021.10.06"]
[SourceVersion "1"]
[SourceVersionDate "2021.10.06"]
[SourceQuality "1"]

1. e4 e6 2. d4 d5 3. Nc3 Bb4 4. a3 Bxc3+ 5. bxc3 dxe4 6. Qg4 Nf6 7. Qxg7 Rg8 8. Qh6 Rg6 9. Qd2 b6 10. f3 Bb7 11. Bb2 Qd6 12. O-O-O Nbd7 13. Bb5 O-O-O 14. Kb1 Rdg8 15. g3 exf3 16. Nh3 Ne4 17. Qe3 Ndf6 18. c4 Ng4 19. Qe1 f2 20. Qe2 Nxg3 21. hxg3 Qxg3 22. d5 Qe3 23. Qf1 Qf3 24. Rd3 Ne3 25. Nxf2 Nxf1 26. Rxf3 Nd2+ 27. Ka2 Nxf3 28. Rxh7 exd5 29. Rxf7 dxc4 30. Bxc4 Nd2 31. Bd3 Bd5+ 32. c4 Bxf7 0-1

[Event "Montcalm op 1 2012-13"]
[Site "Quebec CAN"]
[Date "2012.09.20"]
[Round "3"]
[White "Bourassa, Andre"]
[Black "Marquis, Paul"]
[Result "1/2-1/2"]
[WhiteElo "1764"]
[BlackElo "1961"]
[PlyCount "37"]
[GameId "2160767909445334"]
[EventDate "2012.09.06"]
[EventType "swiss"]
[EventRounds "5"]
[EventCountry "CAN"]
[SourceTitle "EXT 2022"]
[Source "ChessBase"]
[SourceDate "2021.10.06"]
[SourceVersion "1"]
[SourceVersionDate "2021.10.06"]
[SourceQuality "1"]

1. d4 Nf6 2. c4 g6 3. Nc3 Bg7 4. e4 d6 5. Bd3 O-O 6. Nge2 e5 7. d5 a5 8. O-O Nh5 9. Be3 f5 10. f3 f4 11. Bf2 g5 12. c5 g4 13. fxg4 Bxg4 14. h3 f3 15. hxg4 fxe2 16. Bxe2 Nf4 17. Bf3 Na6 18. cxd6 cxd6 19. Ne2 1/2-1/2

[Event "Montcalm op 1 2012-13"]
[Site "Quebec CAN"]
[Date "2012.09.20"]
[Round "3"]
[White "Lapierre, Gaetan"]
[Black "Ripoll, Arthur"]
[Result "1-0"]
[WhiteElo "1826"]
[BlackElo "1544"]
[PlyCount "71"]
[GameId "2160767909445335"]
[EventDate "2012.09.06"]
[EventType "swiss"]
[EventRounds "5"]
[EventCountry "CAN"]
[SourceTitle "EXT 2022"]
[Source "ChessBase"]
[SourceDate "2021.10.06"]
[SourceVersion "1"]
[SourceVersionDate "2021.10.06"]
[SourceQuality "1"]

1. e4 e5 2. Nf3 Nc6 3. Bb5 Nd4 4. Nxd4 exd4 5. O-O Bc5 6. d3 Ne7 7. f4 c6 8. Bc4 O-O 9. Bb3 a5 10. a4 d5 11. f5 f6 12. Kh1 g6 13. g4 Kh8 14. Bf4 Rf7 15. Qf3 g5 16. Bg3 b6 17. e5 fxe5 18. Bxe5+ Kg8 19. Qf2 Nxf5 20. gxf5 Rxf5 21. Qe2 Qe7 22. Re1 Qf7 23. Bg3 Bd7 24. Nd2 Rf8 25. Rf1 Re8 26. Qg2 Re3 27. Ne4 Qg6 28. Rxf5 Bxf5 29. Nxc5 bxc5 30. Rf1 Bg4 31. Bd6 Qh5 32. Bxd5+ cxd5 33. Qxd5+ Be6 34. Qa8+ Bc8 35. Qxc8+ Re8 36. Rf8+ 1-0

[Event "Montcalm op 1 2012-13"]
[Site "Quebec CAN"]
[Date "2012.09.27"]
[Round "4"]
[White "Cote, Rejean"]
[Black "Boulianne, Gabriel"]
[Result "0-1"]
[WhiteElo "1699"]
[BlackElo "1770"]
[PlyCount "48"]
[GameId "2160767909445336"]
[EventDate "2012.09.06"]
[EventType "swiss"]
[EventRounds "5"]
[EventCountry "CAN"]
[SourceTitle "EXT 2022"]
[Source "ChessBase"]
[SourceDate "2021.10.06"]
[SourceVersion "1"]
[SourceVersionDate "2021.10.06"]
[SourceQuality "1"]

1. c4 Nf6 2. Nc3 e5 3. d3 Bb4 4. a3 Bxc3+ 5. bxc3 O-O 6. Bg5 h6 7. Bxf6 Qxf6 8. e4 c5 9. Nf3 Nc6 10. g3 d6 11. Nh4 g5 12. Qf3 Qxf3 13. Nxf3 f5 14. Nd2 f4 15. Bg2 Rf7 16. f3 Bd7 17. Ke2 h5 18. Rag1 b6 19. Nf1 g4 20. h3 Raf8 21. hxg4 hxg4 22. Nd2 fxg3 23. Rf1 Nd8 24. fxg4 Rf2+ 0-1

[Event "Montcalm op 1 2012-13"]
[Site "Quebec CAN"]
[Date "2012.09.27"]
[Round "4"]
[White "Ripoll, Arthur"]
[Black "Bender, Karl"]
[Result "1-0"]
[WhiteElo "1544"]
[BlackElo "1636"]
[PlyCount "87"]
[GameId "2160767909445337"]
[EventDate "2012.09.06"]
[EventType "swiss"]
[EventRounds "5"]
[EventCountry "CAN"]
[SourceTitle "EXT 2022"]
[Source "ChessBase"]
[SourceDate "2021.10.06"]
[SourceVersion "1"]
[SourceVersionDate "2021.10.06"]
[SourceQuality "1"]

1. e4 e5 2. Nf3 Nc6 3. Bc4 h6 4. O-O Nf6 5. Nc3 d6 6. h3 Be6 7. Bb3 Be7 8. d4 exd4 9. Nxd4 Bd7 10. Be3 Na5 11. f4 Nxb3 12. axb3 c5 13. Nf3 Bc6 14. e5 Ne4 15. Nxe4 Bxe4 16. exd6 Qxd6 17. Qe2 O-O 18. b4 cxb4 19. Bxa7 Rxa7 20. Qxe4 Rxa1 21. Rxa1 Qb6+ 22. Kh1 Bf6 23. Ne5 Re8 24. Qd5 Bxe5 25. fxe5 Rd8 26. Qe4 Rd4 27. Ra8+ Rd8 28. Rxd8+ Qxd8 29. Qxb4 Qd5 30. c4 Qxe5 31. Qxb7 Qe1+ 32. Kh2 Qe5+ 33. Kg1 Qe1+ 34. Kh2 Qe5+ 35. g3 Qe2+ 36. Qg2 Qxc4 37. Qd2 g6 38. b4 Kg7 39. Qb2+ f6 40. b5 Qc8 41. b6 h5 42. b7 Qb8 43. h4 g5 44. hxg5 1-0